The Calvin and Hobbes tenth anniversary book / (Record no. 673)

MARC details
000 -LEADER
fixed length control field 00837cam a2200253Ia 4500
003 - CONTROL NUMBER IDENTIFIER
control field data
005 - DATE AND TIME OF LATEST TRANSACTION
control field 20260322212029.0
008 - FIXED-LENGTH DATA ELEMENTS--GENERAL INFORMATION
fixed length control field data
020 ## - INTERNATIONAL STANDARD BOOK NUMBER
International Standard Book Number 059050827X :
020 ## - INTERNATIONAL STANDARD BOOK NUMBER
International Standard Book Number 9780590508278
040 ## - CATALOGING SOURCE
Original cataloging agency JJJ
Transcribing agency JJJ
Modifying agency NTA
-- FMO
-- GC9
-- NTA
043 ## - GEOGRAPHIC AREA CODE
Geographic area code n-us---
050 14 - LIBRARY OF CONGRESS CALL NUMBER
Classification number PN6728.C34
Item number W3852 1995
082 00 - DEWEY DECIMAL CLASSIFICATION NUMBER
Classification number 741.5/973
Edition information 21
099 ## - LOCAL FREE-TEXT CALL NUMBER (OCLC)
Classification number WATTEB
001 - CONTROL NUMBER
control field data
100 1# - MAIN ENTRY--PERSONAL NAME
Personal name Watterson, Bill.
245 14 - TITLE STATEMENT
Title The Calvin and Hobbes tenth anniversary book /
Statement of responsibility, etc. Bill Watterson.
260 ## - PUBLICATION, DISTRIBUTION, ETC.
Place of publication, distribution, etc. New York :
Name of publisher, distributor, etc. Scholastic, Inc.,
Date of publication, distribution, etc. c1995.
300 ## - PHYSICAL DESCRIPTION
Extent 208 p. :
Other physical details ill. (some col.) ;
Dimensions 23 x 31 cm.
520 ## - SUMMARY, ETC.
Summary, etc. A collection of cartoons from the comic strip "Calvin and Hobbes," celebrating the tenth anniversary of the strip's publication.
650 #0 - SUBJECT ADDED ENTRY--TOPICAL TERM
Topical term or geographic name entry element Comic books, strips, etc.
Geographic subdivision United States.
650 #0 - SUBJECT ADDED ENTRY--TOPICAL TERM
Topical term or geographic name entry element Calvin and Hobbes (Fictitious characters)
Holdings
Withdrawn status Lost status Damaged status Not for loan Home library Current library Shelving location Date acquired Total checkouts Full call number Barcode Date last seen Price effective from Koha item type
        Centerville Centerville General stacks 22/03/2026   741.5/973 21 BC0010690 22/03/2026 22/03/2026 Books